000 00254nam a2200097Ia 4500
001 1015105
005 20250826230854.0
008 250824s9999 xx 000 0 und d
245 0 _aKAS MAKİNESİ
_cALEXANDER MCCALLL SMITH
260 _bHEP KİTAP YAYINLARI
999 _c1015105
_d1015105